哈尔滨地铁 Harbin Metro - Statistics

General Stats
  • This quiz has been taken 13 times
  • The average score is 30 of 73
Answers on the Map
Answers color-coded by a green-red scale on the quiz's map according to % correct below.
 
Answer Stats
% Correct
哈尔滨东站
100%
博物馆
91%
医大二院
91%
中央大街
91%
哈尔滨西站
91%
医大一院
82%
哈工大
82%
哈尔滨站
82%
新疆大街
73%
东北农业大学
73%
太阳岛
73%
交通学院
64%
理工大学
64%
气象台
64%
冰雪大世界
64%
哈尔滨北站
64%
江北大学城
64%
太平桥
55%
工程大学
55%
铁路局
55%
黑龙江大学
55%
哈尔滨南站
55%
人民广场
55%
哈西大街
55%
中华巴洛克街区
55%
桦树街
45%
西大桥
45%
学府路
45%
工人文化宫
45%
尚志大街
45%
兆麟公园
45%
会展中心
45%
大有坊街
45%
烟厂
36%
和兴路
36%
珠江路
36%
大耿家
36%
体育公园
36%
群力第五大道
36%
医大一院群力院区
36%
肿瘤医院
36%
南直路
27%
友谊宫
27%
公路大桥
27%
凯盛源广场
27%
进乡街
27%
汽轮机厂
27%
油坊街
27%
公滨路
27%
清真寺
27%
哈达
18%
省医院
18%
省政府
18%
世茂大道
18%
丁香公园
18%
工农大街
18%
城乡路
18%
劳动公园
18%
湘江路
18%
海河东路
18%
靖宇公园
18%
北马路
18%
同江路
9%
瓦盆窑
9%
镜泊路
9%
渤海路
9%
龙川路
9%
上海街
9%
河松街
9%
河山街
9%
征仪路
9%
旭升街
9%
市第二医院
9%
No matching quizzes found
Score Distribution
Percent of People with Each Score
Percentile by Number Answered
Your Score History
You have not taken this quiz